| 000 | 00738nam a2200229 a 4500 | ||
|---|---|---|---|
| 001 | 000825089 | ||
| 003 | AM-YEHGA | ||
| 005 | 20250617164722.0 | ||
| 008 | 110727s1978 enkab|||||||||||||0|eng|d | ||
| 040 | _aAM-YeHGA | ||
| 041 | 0 | _aeng | |
| 100 | 1 | _aBedoukian, Paul Z. | |
| 245 | 1 | 0 |
_aCoinage of the Artaxiads of Armenia / _cBy Paul Z. Bedoukian. |
| 260 |
_aLondon : _bRoyal Numismatic society, _c1978. |
||
| 300 |
_axi, 81 p., 9 unnumb. leaves of plates : _bill., map ; _c25 cm. |
||
| 440 | 0 |
_aRoyal Numismatic Society. Special Publication ; _vNo. 10 |
|
| 504 | _aIndex p. 79-81 | ||
| 650 | 1 | 4 | _aCoins, Armenian |
| 650 | 1 | 4 |
_aHistory _zArmenia _yArtaxiad (Artashesian) dynasty, 189 B.C.-1 A.D |
| 942 |
_2udc _cBK |
||
| 090 | _c566857 | ||
| 999 |
_c528608 _d528608 |
||